01013nam a2200301Ia 450000500170000000800410001702000180005804100080007608200140008410000210009824500660011925000220018530000250020749000430023250000330027550400270030860000610033565000180039665000390041465000350045365000330048865000320052126400350055333600270058833700330061533800280064804000350067620220317001800.0170328s2009 s g 000 0 s  a9788492616077 aspa04a192bM17b1 aMarraud, Huberto10aBertrand Russell, un intelectual británicocHuberto Marraud aPrimera edición a173 páginasc18 cm aBiblioteca de divulgación Temática aIncluye índice analítico aIncluye bibliografía14aRussell, Bertrandd1872-1970xCritica e interpretación142LEMBaÉtica142LEMBaFilosofía de la religión142LEMBaFilosofía del lenguaje142LEMBaFilosofía política142LEMBaLógica matemática a[Barcelona]bMontesinoscc2009 atextobtxt2rdacontent asin mediaciónbn2rdamedia avolumenbnc2rdacarrier aCO-BoRNBPbspaerdacCO-BoRNBP